00306nam a2200109Ia 45000010005000000080041000050200022000460820021000681000041000892450045001302600021001752702241024s9999 xx 000 0 und d a978-9945-074-70-3 aRD/972.84/AR673s aArchivo General de la Nación (AGN) 0aEl Salvador, Historia Mínima 1811-2011 bEd. Búhoc2012